[Event "Winnipeg TNT June op"]
[Site "Winnipeg"]
[Date "2012.06.19"]
[Round "3.4"]
[White "Hemphill, Jim"]
[Black "Boron, Anthony"]
[Result "0-1"]
[WhiteElo "1711"]
[BlackElo "2088"]
[PlyCount "76"]
[EventDate "2012.06.05"]
[EventType "swiss"]
[EventRounds "4"]
[EventCountry "CAN"]
[SourceTitle "EXT 2022"]
[Source "ChessBase"]
[SourceDate "2021.10.06"]
[SourceVersion "1"]
[SourceVersionDate "2021.10.06"]
[SourceQuality "1"]

1. c4 e5 2. Nc3 Bb4 3. g3 Bxc3 4. dxc3 f5 5. Bg2 Nf6 6. Nf3 Nc6 7. 0-0 0-0 8. c5 Qe7 9. b4 a6 10. a4 Kh8 11. Bg5 Nd8 12. e3 Nf7 13. Bxf6 Qxf6 14. b5 axb5 15. axb5 Rxa1 16. Qxa1 d6 17. Qa3 f4 18. exf4 exf4 19. Qb4 dxc5 20. Qxc5 Qd6 21. Qxd6 Nxd6 22. Nd2 Nxb5 23. c4 Nd6 24. Rb1 c6 25. c5 Nb5 26. Bf1 fxg3 27. hxg3 Rd8 28. Nc4 Bf5 29. Rc1 g6 30. Ne3 Nd4 31. f4 Be4 32. Nc4 Rd7 33. Kf2 Nb3 34. Re1 Nxc5 35. Ne5 Rd4 36. Ke3 Ra4 37. g4 Bd5 38. f5 Re4+ 0-1

[Event "Winnipeg TNT July op"]
[Site "Winnipeg"]
[Date "2009.07.14"]
[Round "2"]
[White "Hemphill, Jim"]
[Black "Ott, Richard"]
[Result "1-0"]
[WhiteElo "1711"]
[BlackElo "1466"]
[PlyCount "65"]
[EventDate "2009.07.07"]
[EventType "swiss"]
[EventRounds "4"]
[EventCountry "CAN"]
[SourceTitle "EXT 2011"]
[Source "ChessBase"]
[SourceDate "2010.11.26"]
[SourceVersion "1"]
[SourceVersionDate "2010.11.26"]
[SourceQuality "1"]

1. c4 e5 2. Nc3 f5 3. d3 Nf6 4. g3 Bb4 5. Bd2 0-0 6. Bg2 c6 7. Nf3 Re8 8. a3 Bf8 9. 0-0 d5 10. Qc2 d4 11. Na2 Na6 12. b4 Bd7 13. e3 Nc7 14. exd4 e4 15. Ne5 Ne6 16. Nxd7 Nxd7 17. Bc3 Nf6 18. dxe4 fxe4 19. Rad1 Ng5 20. f4 exf3 21. Bxf3 Nxf3+ 22. Rxf3 Qd7 23. d5 cxd5 24. Bxf6 gxf6 25. cxd5 Rac8 26. Qd3 Qa4 27. d6 Rc2 28. d7 Ree2 29. Qxe2 Rxe2 30. d8Q Qc2 31. Qd3 Qxa2 32. Qd5+ Qxd5 33. Rxd5 1-0

[Event "Winnipeg TNT June op"]
[Site "Winnipeg"]
[Date "2009.06.16"]
[Round "3"]
[White "Hemphill, Jim"]
[Black "Wiebe, Isaac"]
[Result "1-0"]
[WhiteElo "1654"]
[BlackElo "1504"]
[PlyCount "55"]
[EventDate "2009.06.02"]
[EventType "swiss"]
[EventRounds "4"]
[EventCountry "CAN"]
[SourceTitle "EXT 2011"]
[Source "ChessBase"]
[SourceDate "2010.11.26"]
[SourceVersion "1"]
[SourceVersionDate "2010.11.26"]
[SourceQuality "1"]

1. d4 d5 2. c4 e6 3. Nc3 Nf6 4. cxd5 exd5 5. Bg5 c6 6. Nf3 Nbd7 7. e3 Bb4 8. Qc2 0-0 9. Bd3 h6 10. Bf4 Re8 11. 0-0 Nf8 12. a3 Be7 13. b4 Ng6 14. Be5 Bf8 15. Rfc1 a5 16. Qb2 Ng4 17. Bg3 h5 18. Ne5 N4xe5 19. Bxe5 axb4 20. axb4 Rxa1 21. Rxa1 Qe7 22. b5 Qd7 23. bxc6 bxc6 24. Qb6 Rxe5 25. dxe5 Qg4 26. Be2 Qf5 27. Qxc6 Qxe5 28. Qxd5 1-0

[Event "Winnipeg Kent Oliver Memorial"]
[Site "Winnipeg"]
[Date "2003.01.19"]
[Round "5"]
[White "Hemphill, Jim"]
[Black "Vincent, Trevor"]
[Result "0-1"]
[WhiteElo "1661"]
[BlackElo "1937"]
[PlyCount "57"]
[EventDate "2003.01.18"]
[EventType "swiss"]
[EventRounds "5"]
[EventCountry "CAN"]
[SourceTitle "EXT 2004"]
[Source "ChessBase"]
[SourceDate "2003.11.25"]
[SourceVersion "1"]
[SourceVersionDate "2003.11.25"]
[SourceQuality "1"]

1. d4 g6 2. c4 Bg7 3. Nc3 c5 4. d5 d6 5. Nf3 Nf6 6. e4 0-0 7. Be2 e6 8. 0-0 exd5 9. cxd5 Bg4 10. Nd2 Bxe2 11. Qxe2 a6 12. a4 Nbd7 13. a5 Re8 14. Nc4 Ne5 15. Nxe5 Rxe5 16. f4 Re8 17. Qf3 Qe7 18. Ra4 Nd7 19. Re1 b5 20. axb6 Nxb6 21. Ra2 f5 22. e5 dxe5 23. d6 Qxd6 24. Rd1 Qe6 25. Ra5 e4 26. Qe2 Bd4+ 27. Kh1 Qc4 28. Qxc4+ Nxc4 29. Ra2 0-1

[Event "Winnipeg Kent Oliver Memorial"]
[Site "Winnipeg"]
[Date "2001.01.13"]
[Round "2"]
[White "Sitter, Wayne"]
[Black "Hemphill, Jim"]
[Result "1/2-1/2"]
[WhiteElo "1599"]
[BlackElo "1683"]
[PlyCount "65"]
[EventDate "2001.01.??"]
[EventType "swiss"]
[EventRounds "5"]
[EventCountry "CAN"]
[SourceTitle "EXT 2005"]
[Source "ChessBase"]
[SourceDate "2004.11.15"]
[SourceVersion "1"]
[SourceVersionDate "2004.11.15"]
[SourceQuality "1"]

1. d4 Nf6 2. c4 g6 3. Nc3 Bg7 4. e4 d6 5. Nf3 0-0 6. Be2 e5 7. dxe5 dxe5 8. Qxd8 Rxd8 9. Nxe5 Re8 10. Nf3 Nxe4 11. Nd5 Na6 12. 0-0 c6 13. Nf4 Nc7 14. Re1 Ne6 15. Rb1 a5 16. Bd3 N6c5 17. Bc2 Bg4 18. Nd2 Nxd2 19. Rxe8+ Rxe8 20. Bxd2 g5 21. Nh3 Bxh3 22. gxh3 Re2 23. Be3 Rxc2 24. Bxc5 Rxb2 25. Rxb2 Bxb2 26. a4 f5 27. Kg2 Kf7 28. Kf3 Ke6 29. Ke3 Bc3 30. f3 h5 31. h4 gxh4 32. h3 Bb4 33. Bd4 1/2-1/2